[Event "Cachoeiro CEAX op 4th"]
[Site "Cachoeiro"]
[Date "2003.09.26"]
[Round "1"]
[White "Massena, Pedro MO"]
[Black "Luz, Jose Stenio Ferreir"]
[Result "0-1"]
[WhiteElo "1735"]
[BlackElo "1847"]
[PlyCount "48"]
[EventDate "2003.09.26"]
[EventType "swiss"]
[EventRounds "6"]
[EventCountry "BRA"]
[SourceTitle "EXT 2006"]
[Source "ChessBase"]
[SourceDate "2005.11.24"]
[SourceVersion "1"]
[SourceVersionDate "2005.11.24"]
[SourceQuality "1"]

1. e4 c5 2. Nc3 e6 3. Nf3 d5 4. exd5 exd5 5. d3 Nf6 6. Be2 d4 7. Ne5 dxc3 8. bxc3 Bd6 9. Nc4 0-0 10. d4 cxd4 11. cxd4 Bb4+ 12. Bd2 Bxd2+ 13. Qxd2 Be6 14. Na5 b6 15. Nb7 Qd7 16. Bf3 Bd5 17. Bxd5 Qxd5 18. Qb4 Qxb7 19. Rd1 Qxg2 20. Rf1 Re8+ 21. Kd2 Nc6 22. Qd6 Rad8 23. Qc7 Nxd4 24. Rfe1 Ne6+ 0-1